Statistiques concernant Tous les pokémon de Norman

Cliquez ici pour prendre le quiz!

Statistiques générales

  • Ce quiz a été pris 23 fois
  • Le résultat moyen est 9 sur 16

Statistiques - réponses

HintRéponse% Correct
Monaflémit
100%
Rubis & SaphirVigoroth
100%
Linéon
82%
EmeraudeSpinda
65%
Tauros
65%
Leuphorie
59%
Leveinard
59%
Brouhabam
53%
Kangourex
53%
Etouraptor
47%
Haydaim
47%
Mangriff
47%
Frison
41%
Kecleon
41%
Capidextre
35%
Noir2 & Blanc2Morphéo
29%

Distribution des résultats

Percentile par nombre de réponses

% des personnes avec chaque résultat

Votre développement - résultats

Vous n’avez pas pris ce quiz